000 00356nam a2200133Ia 4500
005 20260328104313.0
008 260328s9999||||xx |||||||||||||| ||und||
100 _aDersin, Denise
245 0 _aWhat Life was Like on the banks of the Nile Egypt 3050-30 BC /
_cDenise Dersin
260 _bTime Life
300 _a144 p.
650 _aEGYPTO
942 _cREF
999 _c11054
_d11054